Best Chess Move - Statistics

General Stats
  • This quiz has been taken 31 times
  • The average score is 2 of 9
Answer Stats
Picture Hint Answer % Correct
White to move Qxf7#
100%
Black to move Nxe4
48%
White to move Qd3+
28%
White to move hxg5
20%
White to move Nxf7
12%
Black to move Be7
8%
White to move d4
8%
Black to move Na5
8%
Black to move a6
4%
No matching quizzes found
Score Distribution
Percent of People with Each Score
Percentile by Number Answered
Your Score History
You have not taken this quiz